BFB Episode Titles Quiz - Statistics

General Stats
  • This quiz has been taken 185 times
  • The average score is 14 of 29
Answer Stats
BFB Episode Title Hints Episode Title % Correct
BFB 1 GTTT Getting Teardrop to Talk
88%
BFB 2 LYWTF Lick Your Way to Freedom
68%
BFB 29 SOS (SOS) SOS (Save Our Show)
65%
BFB 4 TVSE Today's Very Special Episode
63%
BFB 8 QA Questions Answered
62%
BFB 12 WDYTOR What Do You Think of Roleplay
61%
BFB 3 WWYDTOAS Why Would You Do This on a Swingset
61%
BFB 5 FB Fortunate Ben
60%
BFB 11 GTTTI500S Get to the Top in 500 Steps
57%
BFB 20 ATOS A Taste of Space
54%
BFB 7 TLBYDW The Liar Ball You Don't Want
54%
BFB 6 FGTF Four Goes Too Far
52%
BFB 10 ETE Enter The Exit
51%
BFB 15 TFIL The Four is Lava
51%
BFB 28 BFB=BFB B.F.B. = Back From Beginning
50%
BFB 9 TEIAB This Episode Is About Basketball
50%
BFB 17 XMTS X Marks the Spot
50%
BFB 14 DDSD Don't Dig Straight Down
46%
BFB 16 TEFF The Escape from Four
46%
BFB 22 WSDD Who Stole Donut's Diary
45%
BFB 13 ROTRS Return of the Rocket Ship
40%
BFB 18 TTT Take the Tower
39%
BFB 26 THC The Hidden Contestant
36%
BFB 23 FFYF Fashion For Your Face
35%
BFB 19 HLCYG How Loe Can You Grow
35%
BFB 21 LRTW Let's Raid the Warehouse
35%
BFB 25 TTT The Tweested Temple
34%
BFB 24 TGHC The Game Has Changed
33%
BFB 27 UE Uprooting Everything
29%
No matching quizzes found
Score Distribution
Percent of People with Each Score
Percentile by Number Answered
Your Score History
You have not taken this quiz